| 000 | 00322nam a22001217a 4500 | ||
|---|---|---|---|
| 082 | _a220 PRO | ||
| 100 |
_aIMAD ALI,AIZAZ,HASSAN,AMIR _971543 |
||
| 245 | _aPR-SOF-1324-THE WIDOC MONITORING | ||
| 260 |
_aISLAMABAD _bNUST COLLEGE OF EME _c2013 |
||
| 650 | _a DE-COMP-31 | ||
| 700 |
_aSAJID GUL KHAWAJA _969989 |
||
| 942 | _cCR | ||
| 999 |
_c578003 _d578003 |
||